Central Library OPAC University of Rajshahi

বাংলার মুসলিম সম্প্রদায় : (Record no. 61300)

MARC details
000 -LEADER
fixed length control field 00981nam a2200241 a 4500
001 - CONTROL NUMBER
control field 61300
003 - CONTROL NUMBER IDENTIFIER
rucl marc code BD-RjUL
005 - DATE AND TIME OF LATEST TRANSACTION
control field 20211209080938.0
008 - FIXED-LENGTH DATA ELEMENTS--GENERAL INFORMATION
fixed length control field 170117s2002 bg ||||| |||| 00| 0 ben d
020 ## - INTERNATIONAL STANDARD BOOK NUMBER
International Standard Book Number 9840740954
Terms of availability : TK 230.00
035 ## - SYSTEM CONTROL NUMBER
System control number (BD-RjUL)61424
040 ## - CATALOGING SOURCE
Original cataloging agency BD-RjUL
Language of cataloging ben
Transcribing agency BD-RjUL
041 ## - LANGUAGE CODE
Language code of text/sound track or separate title ben
082 ## - DEWEY DECIMAL CLASSIFICATION NUMBER
Edition number 23
Classification number 305.697095414
Author mark and year AHB 2002
100 ## - MAIN ENTRY--PERSONAL NAME
Personal name আহমেদ, সুফিয়া
9 (RLIN) 170417
245 10 - TITLE STATEMENT
Title বাংলার মুসলিম সম্প্রদায় :
Remainder of title ১৮৮৪-১৯১২ /
Statement of responsibility, etc. সুফিয়া আহমেদ
260 ## - PUBLICATION, DISTRIBUTION, ETC. (IMPRINT)
Place of publication, distribution, etc. ঢাকা :
Name of publisher, distributor, etc. বাংলা একাডেমী,
Date of publication, distribution, etc. ২০০২
300 ## - PHYSICAL DESCRIPTION
Pagination ৩২৪ পৃ. ;
Size ২১ সেমি.
650 ## - SUBJECT ADDED ENTRY--TOPICAL TERM
Topical term or geographic name as entry element মুসলিম
General subdivision বেঙ্গল
Geographic subdivision ভারত
9 (RLIN) 182827
Topical term or geographic name as entry element Muslims
General subdivision Bengal
Geographic subdivision India
9 (RLIN) 182828
700 ## - ADDED ENTRY--PERSONAL NAME
Personal name শাহেদ, সৈয়দ মোহাম্মদ, অনুবাদ
942 ## - ADDED ENTRY ELEMENTS (KOHA)
Source of classification or shelving scheme Dewey Decimal Classification
Koha item type Books
Holdings
Lost status Source of classification or shelving scheme Damaged status Not for loan Collection code Permanent Location Current Location Shelving location Date acquired Source of acquisition Cost, normal purchase price Total Checkouts Full call number Date last seen Copy number Koha item type
  Dewey Decimal Classification   Not For Loan Non-fiction Central Library, University of Rajshahi Central Library, University of Rajshahi Reading Room 09/06/2011 Bangla Academy, Dhaka 230.00   B 305.697095414 AHB 2002 17/01/2017 C-1 Books